[Event "11th Asrian Memorial 2018"]
[Site "Yerevan ARM"]
[Date "2018.06.28"]
[Round "8.26"]
[White "Pipia, Ekaterine"]
[Black "Grigoryan, Arpine"]
[Result "1-0"]
[WhiteElo "1772"]
[BlackElo "2049"]
[WhiteFideId "13614576"]
[BlackFideId "13307231"]
[EventDate "2018.06.21"]

1. c4 Nf6 2. Nf3 e6 3. e3 b6 4. b3 Bb7 5. Bb2 d5 6. Nc3 Bd6 7. Nb5 Be7 8. Be2 a6
9. Nc3 O-O 10. O-O Nbd7 11. d4 Bd6 12. Qc2 Ne4 13. Nxe4 dxe4 14. Ne5 Bxe5 15.
dxe5 Qg5 16. Qc3 f6 17. exf6 Rxf6 18. Rad1 Bc6 19. b4 Raf8 20. Rd2 Qh4 21. b5
axb5 22. cxb5 Bd5 23. Qxc7 Rxf2 24. Qxd7 R2f7 25. Rxf7 Rxf7 26. Qc8+ Rf8 27. Qc1
Qf2+ 28. Kh1 Qxe3 29. Rc2 Qxc1+ 30. Bxc1 Ra8 31. a3 Rd8 1-0

[Event "11th Asrian Memorial 2018"]
[Site "Yerevan ARM"]
[Date "2018.06.28"]
[Round "8.27"]
[White "Piliposyan, Robert"]
[Black "Karamyan, Vardan"]
[Result "1-0"]
[WhiteElo "1898"]
[BlackElo "1956"]
[WhiteFideId "13309978"]
[BlackFideId "13307150"]
[EventDate "2018.06.21"]

1. d4 d5 2. c4 e6 3. Nf3 Nf6 4. g3 Be7 5. Bg2 O-O 6. Nbd2 b6 7. O-O Bb7 8. Ne5
Nbd7 9. cxd5 exd5 10. f4 c5 11. e3 Ne4 12. Qa4 Nxe5 13. dxe5 Nxd2 14. Bxd2 Qc7
15. Rfd1 Rad8 16. Rac1 Bc6 17. Qc2 d4 18. Bxc6 Qxc6 19. exd4 Rxd4 20. Bc3 Rxd1+
21. Rxd1 Rd8 22. Rxd8+ Bxd8 23. f5 Bg5 24. Qg2 Qxg2+ 25. Kxg2 Kf8 26. Kf3 Ke7
27. Ke4 g6 28. g4 gxf5+ 29. gxf5 Bh4 30. Kd5 Bf2 31. a4 Bg1 32. h3 Kd7 33. e6+
fxe6+ 34. fxe6+ Ke7 35. Be5 Bd4 36. Bd6+ Ke8 37. b4 a5 38. bxa5 bxa5 39. Bxc5
Bc3 40. Kc4 Be1 41. Kb5 h5 42. Bb6 Ke7 43. Bxa5 Bf2 44. Bb6 Be1 45. a5 Bxa5 46.
Bxa5 1-0

[Event "11th Asrian Memorial 2018"]
[Site "Yerevan ARM"]
[Date "2018.06.28"]
[Round "8.30"]
[White "Arakelyan, Nare"]
[Black "Sayadyan, Edvard"]
[Result "0-1"]
[WhiteElo "1805"]
[BlackElo "2077"]
[WhiteFideId "13307657"]
[BlackFideId "13304909"]
[EventDate "2018.06.21"]

1. e4 c5 2. Nf3 d6 3. d4 cxd4 4. Nxd4 Nf6 5. Nc3 g6 6. Be3 Bg7 7. f3 Nc6 8. Qd2
O-O 9. O-O-O d5 10. exd5 Nxd5 11. Nxc6 bxc6 12. Bd4 e5 13. Bc5 Be6 14. Bc4 Nxc3
15. Qxc3 Qg5+ 16. Kb1 Rfd8 17. Bxe6 fxe6 18. Qc4 Rd5 19. Bb4 Rad8 20. Qe2 Qxg2 0-1